000 00979cam a2200253 a 4500
001 ltf91021418
003 DLC
005 20260227111552.0
008 910214s1837 it 001 0 ita
010 _altf91021418
040 _aDLC
_cDLC
_dDLC
050 0 0 _aKJA2012.A34
_bA4 1837
100 1 _aPérez, Antonio,
_d1583-1673.
240 1 0 _aInstitutiones imperiales erotematibus distinctae
245 1 0 _aAntonii Perezii, jc. S.C. & R. Majest. consiliarii in academia lovaniensi juris civilis antecessoris, Institutiones imperiales, erotematibus distinctae atque ex ipsis principiis regulisque juris passim insertis, explicatae.
246 1 8 _aPerizii Institution imperiales
250 _aEditio novissima a mendis expurgata.
260 _aBassani :
_bsuis typis remondini edidit,
_c1837.
300 _a371 p. ;
_c17 cm.
500 _aIncludes index.
650 0 _aRoman law.
730 0 _aInstitutiones.
740 0 _aInstitutiones imperiales erotematibus distinctae ...
999 _c37486
_d37486